| 000 | 00826nam a2200265Ia 4500 | ||
|---|---|---|---|
| 999 |
_c55493 _d55493 |
||
| 001 | 22575 | ||
| 003 | GE_BSU | ||
| 005 | 20230330121610.0 | ||
| 008 | 181216s2015||||-ge|||||||||||||| ||ger|| | ||
| 020 | _a9783191119034 | ||
| 040 | _cGE_BSU | ||
| 041 | _ager | ||
| 080 | _a811.112.1 B-85 | ||
| 100 |
_aBreitsamete, Anna _917373 |
||
| 245 |
_aMENSCHEN B1: _bDeutsch als Fremdsprache Arbeitsbuch/ _cAnna Breitsameter, Sabine Glas-Peters, Angela Pude. |
||
| 264 |
_aMunchen : _bHueber Verlag, _c2015. |
||
| 300 |
_a230 p. : _bill ; _c29 cm. _e+2CD. CD1.B1.1. CD2.B.1.2. |
||
| 541 | _h70gel. | ||
| 653 | _aMENSCHEN B1 | ||
| 653 | _aDeutsch als Fremdsprache Arbeitsbuch | ||
| 653 | _aგერმანული ენა | ||
| 700 |
_aGlas-Peters, Sabine _eby _916347 |
||
| 700 |
_aPude, Angela _eby _917374 |
||
| 942 |
_cBK _2udc |
||